000 01132nam a22003610a 4500
001 PT28618
003 AR-LpoUNG
005 20210131233442.0
008 191001s2007||||ag |||||||||||||||||spa d
020 _a9789875454415
_c$9.33
040 _aAR-LpoUNG
_bspa
_cAR-LpoUNG
_eaacr
041 _aspa
044 _aag
082 0 _a982.064 869zap
100 1 _aLorenz, Federico
245 1 4 _aLos zapatos de Carlito :
_buna historia de los trabajadores navales de Tigre en la década del setenta
250 _a1ra ed.
260 _aBuenos Aires :
_bNorma,
_c2007.
300 _a299 p. :
_bil., mapas, gráfs.
520 _a<p>Experiencia de los trabajadores navales de la Agrupación José María Alessio, integrada por militantes obreros en astilleros de Tigre, contada por los sobrevivientes.</p>
650 4 _aANALISIS HISTORICO
650 4 _aARGENTINA
650 4 _aASTILLEROS
650 4 _aCLASE OBRERA
650 4 _aHISTORIA POLITICA
650 4 _aHISTORIA SOCIAL
650 4 _aSINDICALISMO
650 4 _aSINDICATOS
650 4 _aTRABAJADORES
651 4 _aArgentina
905 _a28618
942 _cLIB
999 _c20696
_d20696